|
|
|
|
| LEADER |
00000cam a2200000 7i4500 |
| 001 |
0000072430 |
| 005 |
20220105104249.0 |
| 008 |
170513 |
| 020 |
|
|
|a 9789673643790
|
| 020 |
|
|
|a 9789673643813(set)
|
| 090 |
0 |
0 |
|a JP
|b ANM MAL
|
| 100 |
1 |
|
|a Shamsul Muzaffar
|
| 245 |
1 |
0 |
|a Sang Kancil dan Bangau
|c Shamsul Muzaffar
|
| 260 |
|
|
|a KL :
|b Edukid Pub. Sdn Bhd ,
|c 2017
|
| 490 |
1 |
|
|a Siri cerita teladan hutan
|
| 500 |
|
|
|a Children age 4-6 years old (yellow)
|
| 650 |
|
0 |
|a Animals
|x Fiction
|
| 650 |
|
0 |
|a Teladan dongeng
|
| 999 |
|
|
|a 0001453217
|b Book
|c Children Collection
|e Cawangan Taman Universiti
|
| 999 |
|
|
|a 0001453218
|b Book
|c Children Collection
|e Cawangan Taman Universiti
|
| 999 |
|
|
|a 0001453219
|b Book
|c Children Collection
|e Cawangan Taman Universiti
|
| 999 |
|
|
|a 0001453220
|b Book
|c Children Collection
|e Cawangan Taman Universiti
|
| 999 |
|
|
|a 0001453221
|b Book
|c Children Collection
|e Cawangan Pontian
|
| 999 |
|
|
|a 0001453222
|b Book
|c Children Collection
|e Cawangan Tangkak
|
| 999 |
|
|
|a 0001453223
|b Book
|c Children Collection
|e Cawangan Tmn. Ungku Tun Aminah
|
| 999 |
|
|
|a 0001453224
|b Book
|c Children Collection
|e Cawangan Mersing
|
| 999 |
|
|
|a 0001453225
|b Book
|c Children Collection
|e Cawangan Segamat
|
| 999 |
|
|
|a 0001453226
|b Book
|c Children Collection
|e Cawangan Bandar Penawar
|
| 999 |
|
|
|a 0001453228
|b Book
|c Children Collection
|e Cawangan Batu Pahat
|
| 999 |
|
|
|a 0001453229
|b Book
|c Children Collection
|e Cawangan Sri Merlong
|
| 999 |
|
|
|a 0001453230
|b Book
|c Children Collection
|e Cawangan Kota Tinggi
|
| 999 |
|
|
|a 0001453231
|b Book
|c Children Collection
|e Cawangan Bukit Gambir
|
| 999 |
|
|
|a 0001453232
|b Book
|c Children Collection
|e Cawangan Bandar Tenggara
|
| 999 |
|
|
|a 0001453233
|b Book
|c Children Collection
|e Cawangan Taman Sri Lambak
|
| 999 |
|
|
|a 0001453758
|b Book
|c Children Collection
|e Perbadanan Perpustakaan Awam Johor
|
| 999 |
|
|
|a 0001453759
|b Book
|c Children Collection
|e Perbadanan Perpustakaan Awam Johor
|
| 999 |
|
|
|a 0001453761
|b Book
|c Children Collection
|e Cawangan Urban Transformation Centre
|